Europäischer Binnenmarkt 1993 und Wettbewerbsfähigkeit des europäischen Unternehmens.

Analýza faktorov úspechu inovačného manažmentu v spoločnom európskom trhu. Pôsobenie vnútorného trhu a jeho význam pre inovačnú schopnosť podniku. Tri efekty pôsobenia: racionalizačný, rastový a časový efekt obchodu. Štruktúrny efekt spoločného európskeho trhu. Úloha dopytu a ponuky. Hospodársko-pol...

ver descrição completa

Na minha lista:
Detalhes bibliográficos
Autor principal: Albach, Horst
Formato: Capítulo de Livro
Idioma:alemão
Assuntos:
Tags: Adicionar Tag
Sem tags, seja o primeiro a adicionar uma tag!

MARC

LEADER 00000naa a2200000 4500
001 r009106
005 20221130113347.1
041 0 |a ger 
044 |a DE 
245 1 0 |a Europäischer Binnenmarkt 1993 und Wettbewerbsfähigkeit des europäischen Unternehmens.  |c Horst Albach 
520 |a Analýza faktorov úspechu inovačného manažmentu v spoločnom európskom trhu. Pôsobenie vnútorného trhu a jeho význam pre inovačnú schopnosť podniku. Tri efekty pôsobenia: racionalizačný, rastový a časový efekt obchodu. Štruktúrny efekt spoločného európskeho trhu. Úloha dopytu a ponuky. Hospodársko-politické podmienky pre zvýšenú konkurencieschopnosť európskych podnikov. 
610 2 0 |a trh vnútorný 
610 2 0 |a Európa 
610 2 0 |a 1993 
610 2 0 |a konkurencieschopnosť 
610 2 0 |a inovácia 
610 2 0 |a manažment 
610 2 0 |a podnik 
610 2 0 |a dopyt 
610 2 0 |a ponuka 
100 1 |a Albach, Horst